[Event "Ch Latvia"]
[Site "Riga (Latvia)"]
[Date "2021.09.17"]
[Round "1.1"]
[White "Boreisis Vitauts (LAT)"]
[Black "Starostits Ilmars (LAT)"]
[Result "0-1"]
[WhiteElo "1930"]
[BlackElo "2454"]
[Annotator ""]
[Source ""]
[Remark ""]

1.d4 Nf6 2.c4 g6 3.Nc3 d5 4.cxd5 Nxd5 5.e4 Nxc3 6.bxc3 Bg7 7.Qa4+
Nd7 8.Nf3 O-O 9.Be3 c5 10.Rd1 Qc7 11.Qa3 b6 12.Bd3 Bb7 13.O-O
Nf6 14.d5 Ng4 15.Bg5 f5 16.g3 f4 17.Bc4 Kh8 18.d6 exd6 19.Bxf4
Rxf4 20.gxf4 Bxe4 21.Ng5 d5 22.Qc1 dxc4 23.Nxe4 Bh6 24.Nd6 Rf8
25.Qd2 Nxh2 26.Qd5 Nxf1 27.Kxf1 Bxf4 28.Nxc4 Qf7 29.Kg2 Qxd5+
30.Rxd5 Rf7 31.Nd2 Bxd2 32.Rxd2 Kg7 33.Kg3 Kf6 34.f4 Ke6 35.c4
Rd7 0-1

[Event "Ch Latvia"]
[Site "Riga (Latvia)"]
[Date "2021.09.17"]
[Round "1.2"]
[White "Berzinsh Roland (LAT)"]
[Black "Springis Jevgenijs (LAT)"]
[Result "1-0"]
[WhiteElo "2364"]
[BlackElo "1879"]
[Annotator ""]
[Source ""]
[Remark ""]

1.e4 g6 2.d4 Bg7 3.Nc3 d6 4.Be3 Nd7 5.h4 e5 6.h5 exd4 7.Bxd4
Ne5 8.Qd2 Be6 9.O-O-O g5 10.Nh3 f6 11.Kb1 Qd7 12.Bb5 c6 13.Be2
h6 14.f4 Nc4 15.Bxc4 Bxc4 16.Bc5 Bf8 17.e5 fxe5 18.fxe5 O-O-O
19.Bxd6 Bxd6 20.exd6 Rh7 21.Qd4 b5 22.Nf2 Rf7 23.Nfe4 Rf4 24.g3
Rg4 25.Rhe1 Kb8 26.a4 Qf5 27.axb5 Bxb5 28.Qg7 Rc8 29.Rd2 Bc4
30.Qd4 Bf7 31.d7 Rd8 32.Qd6+ Kb7 33.Rf2 Rxe4 34.Nxe4 Qa5 35.Nc3 1-0

[Event "Ch Latvia"]
[Site "Riga (Latvia)"]
[Date "2021.09.17"]
[Round "1.3"]
[White "Melderis Uldis (LAT)"]
[Black "Stepins Edgars (LAT)"]
[Result "0-1"]
[WhiteElo "1877"]
[BlackElo "2263"]
[Annotator ""]
[Source ""]
[Remark ""]

1.d4 Nf6 2.c4 g6 3.Nc3 Bg7 4.e4 d6 5.f3 Nfd7 6.Be3 e5 7.Nge2
Nc6 8.Qd2 h6 9.Nd5 a6 10.a4 exd4 11.Nxd4 Nce5 12.Be2 Nc5 13.Ra3
c6 14.Nc3 a5 15.O-O Qf6 16.Rd1 Bf8 17.h3 g5 18.Nf5 Bxf5 19.exf5
Qxf5 20.Bxc5 dxc5 21.Ne4 Qe6 22.f4 gxf4 23.Qxf4 Be7 24.Rb3 Rg8
25.Rxb7 Rg7 26.Kh1 Rc8 27.Ng3 Rg5 28.Ne4 Rg7 29.Ra7 Kf8 30.Rxa5
Ng6 31.Qg4 f5 32.Rf1 Rf7 33.Qh5 fxe4 34.Qxh6+ Kg8 35.Rd1 Rcf8
36.Ra7 Nf4 37.Qxe6 Nxe6 38.Rad7 Nd4 39.Bg4 Rf1+ 40.Rxf1 Rxf1+
41.Kh2 Bf6 42.Kg3 e3 0-1

[Event "Ch Latvia"]
[Site "Riga (Latvia)"]
[Date "2021.09.17"]
[Round "1.4"]
[White "Jankovskis Guntis (LAT)"]
[Black "Alainis Artis (LAT)"]
[Result "1-0"]
[WhiteElo "2260"]
[BlackElo "1841"]
[Annotator ""]
[Source ""]
[Remark ""]

1.d4 d5 2.c4 c6 3.Nf3 Nf6 4.cxd5 cxd5 5.Nc3 Nc6 6.Bf4 a6 7.Ne5
Qb6 8.Nxc6 bxc6 9.Qd2 e6 10.e3 Bd7 11.Be2 c5 12.Be5 cxd4 13.Bxd4
Bc5 14.Bxc5 Qxc5 15.Rc1 Qd6 16.O-O O-O 17.Rfd1 Qe5 18.Qd4 Qxd4
19.Rxd4 Rfc8 20.f3 Rab8 21.Rd2 a5 22.Rdc2 a4 23.Ba6 Rc5 24.Nd1
Ra5 25.Bd3 Kf8 26.Rc5 Raa8 27.g4 h6 28.h4 Ke7 29.g5 hxg5 30.hxg5
Ne8 31.e4 dxe4 32.Bxe4 Ra6 33.R1c2 Rab6 34.Kf2 Rd8 35.Ne3 Nd6
36.Bd3 Rdb8 37.Nd1 Rb4 38.Ra5 R8b7 39.Ke3 g6 40.Rac5 Kd8 41.Be4
Nxe4 42.fxe4 Ke7 43.a3 Rb3+ 44.Kf4 Rd3 45.Nc3 Rh3 46.Ra5 f6 47.gxf6+
Kxf6 48.e5+ Kf7 49.Kg4 Rh5 50.Ne4 Ke7 51.Nf6 Rh1 52.Nxd7 Rxd7
53.Rxa4 Re1 54.Kf4 g5+ 55.Kxg5 Rxe5+ 56.Kf4 Rdd5 57.Re4 Rh5 58.Rce2
Kf7 59.Kg3 Rh6 60.R2e3 Ke7 61.b4 Rf5 62.a4 Rf1 63.Kg2 Ra1 64.a5
Rg6+ 65.Kf2 Kd6 66.Rd3+ Kc6 67.Re2 Kb5 68.Rd4 Ra3 69.Re5+ Kc6
70.b5+ Kb7 71.a6+ Kc7 72.Re3 Ra2+ 73.Kf3 Ra5 74.Rb3 e5 75.Rd5
Rgxa6 76.Rc3+ Kb6 77.Rc6+ Kb7 78.Rxa6 1-0

[Event "Ch Latvia"]
[Site "Riga (Latvia)"]
[Date "2021.09.17"]
[Round "1.5"]
[White "Milovs Daniels (LAT)"]
[Black "Kretainis Kristaps (LAT)"]
[Result "0-1"]
[WhiteElo "1814"]
[BlackElo "2249"]
[Annotator ""]
[Source ""]
[Remark ""]

1.e4 d6 2.d4 Nf6 3.Nc3 e5 4.Nf3 Nbd7 5.Bc4 Be7 6.O-O O-O 7.h3
c6 8.a4 a5 9.Re1 h6 10.Bf1 Re8 11.Be3 Qc7 12.Qd2 Bf8 13.Rad1
exd4 14.Bxd4 Ne5 15.Nh2 Nfd7 16.f4 Ng6 17.Bf2 Be7 18.Nf3 Nf6
19.Nd4 Nh7 20.Bc4 Bf8 21.Kh1 Bd7 22.Re3 Nxf4 23.Rf3 Ne6 24.Nf5
Neg5 25.Rf4 Be6 26.Bxe6 Nxe6 27.Rg4 h5 28.Bb6 Qd7 29.Rg3 Ra6
30.Be3 Rd8 31.Bh6 Kh8 32.Be3 g6 33.Bh6 gxf5 34.exf5 Ng7 35.Qd4
f6 36.Ne4 Nxf5 37.Nxf6 Nxg3+ 38.Kh2 Nxf6 39.Qxf6+ Kg8 40.Qg5+
Kh7 41.Qe7+ Qxe7 0-1

[Event "Ch Latvia"]
[Site "Riga (Latvia)"]
[Date "2021.09.17"]
[Round "1.6"]
[White "Mierins Eriks (LAT)"]
[Black "Alipovs Anatolijs (LAT)"]
[Result "1-0"]
[WhiteElo "2191"]
[BlackElo "1796"]
[Annotator ""]
[Source ""]
[Remark ""]

1.e4 c5 2.Nf3 e6 3.d4 cxd4 4.Nxd4 a6 5.c4 Qc7 6.Nc3 Nf6 7.Be2
Bb4 8.O-O Nc6 9.Be3 O-O 10.f3 d6 11.Qd2 Ne5 12.a3 Ba5 13.b4 Bb6
14.Na4 Ba7 15.c5 dxc5 16.bxc5 Bd7 17.Nb6 Rad8 18.Qb4 Nc6 19.Nxc6
Bxc6 20.Rad1 Bb8 21.g3 Qe7 22.Nc4 Bc7 23.Na5 Bxa5 24.Qxa5 Rd7
25.Rxd7 Nxd7 26.Rd1 Rc8 27.Rd6 h6 28.Qd2 Nf6 29.Qb4 Ne8 30.Rd1
Rd8 31.Rxd8 Qxd8 32.Kf2 Nf6 33.Bd4 Ne8 34.Be5 Qd7 35.h4 Bb5 36.Bxb5
axb5 37.Qd4 Qxd4+ 38.Bxd4 f6 39.Ke2 Kf7 40.Kd3 Ke7 41.Bc3 Kd7
42.Ba5 Kc6 43.h5 Kxc5 44.Bb4+ Kc6 45.Bf8 f5 46.Kd4 fxe4 47.fxe4
b6 48.Ke5 Kd7 49.g4 Nf6 50.Kf4 Ne8 51.e5 Kc6 52.g5 hxg5+ 53.Kxg5
Kd5 54.Bxg7 Nxg7 55.h6 Nf5 56.h7 Kxe5 57.h8Q+ Kd5 58.Kf4 Nd6
59.Qe5+ Kc6 60.Qxe6 Kc5 61.Qe7 Kc6 62.Ke5 Nc4+ 63.Ke6 Ne3 64.Qd6+
Kb7 65.Kd7 Nc4 66.Qc6+ Ka7 67.Kc7 1-0

[Event "Ch Latvia"]
[Site "Riga (Latvia)"]
[Date "2021.09.17"]
[Round "1.7"]
[White "Gobleja Karlis (LAT)"]
[Black "Jazdanovs Aleksandrs (LAT)"]
[Result "1-0"]
[WhiteElo "1728"]
[BlackElo "2178"]
[Annotator ""]
[Source ""]
[Remark ""]

1.e4 c5 2.Nf3 d6 3.d4 cxd4 4.Nxd4 Nf6 5.Nc3 a6 6.Be3 e5 7.Nb3
Be6 8.Qd2 Ng4 9.Bg5 f6 10.Bh4 Nd7 11.f3 Nh6 12.O-O-O Rc8 13.g4
Qc7 14.Bf2 Be7 15.Kb1 Nf7 16.h4 b5 17.Nd5 Bxd5 18.exd5 f5 19.gxf5
Nf6 20.Rg1 O-O 21.c3 Kh8 22.Be3 Rg8 23.Qd3 Bd8 24.Nd2 Qb7 25.Ne4
Bb6 26.Ng5 Nxg5 27.hxg5 Nxd5 28.Bxb6 Qxb6 29.Rh1 Nf4 30.Qd2 g6
31.f6 d5 32.Bd3 h5 33.Rh4 Rc7 34.Rdh1 Rh7 35.Bc2 Qc7 36.Bb3 Rd8
37.Rd1 Rdd7 38.Re1 Rhf7 39.Bc2 d4 40.Qxf4 1-0

[Event "Ch Latvia"]
[Site "Riga (Latvia)"]
[Date "2021.09.17"]
[Round "1.8"]
[White "Batashevs Arsens (LAT)"]
[Black "Savicevs Arsenijs (LAT)"]
[Result "1-0"]
[WhiteElo "2167"]
[BlackElo "1708"]
[Annotator ""]
[Source ""]
[Remark ""]

1.Nf3 Nf6 2.c4 e6 3.e3 d5 4.b3 Be7 5.Bb2 c5 6.cxd5 exd5 7.Nc3
O-O 8.d4 Nc6 9.Bb5 Bg4 10.Bxc6 bxc6 11.dxc5 Bxc5 12.O-O Qe7 13.Na4
Ba3 14.Bxa3 Qxa3 15.Qc1 Qd6 16.Nd4 Rac8 17.Qc5 Qc7 18.Rac1 Ne4
19.Qxc6 Qa5 20.Qb5 Qd2 21.Rxc8 Rxc8 22.h3 Nxf2 23.Rxf2 Qe1+ 24.Qf1
Qxe3 25.Ne2 Bh5 26.Qd1 Qe5 27.Qd2 d4 28.g4 Bg6 29.Qxd4 Qa5 30.Nac3
Rd8 31.Qf4 h6 32.h4 h5 33.gxh5 Bxh5 34.Qf5 Qxf5 35.Rxf5 Bxe2
36.Nxe2 Rd2 37.Nc3 Rc2 38.Rc5 f6 39.b4 Kf7 40.a4 Ke6 41.b5 Rd2
42.a5 Rd4 43.Rc6+ Kd7 44.Ra6 Rxh4 45.Rxa7+ Kc8 46.a6 Rc4 47.Rxg7
Kb8 48.Rb7+ Ka8 49.Nd5 1-0

[Event "Ch Latvia"]
[Site "Riga (Latvia)"]
[Date "2021.09.17"]
[Round "1.9"]
[White "Mucenieks Marks (LAT)"]
[Black "Ungurs Edgars (LAT)"]
[Result "0-1"]
[WhiteElo "1660"]
[BlackElo "2154"]
[Annotator ""]
[Source ""]
[Remark ""]

1.d4 d5 2.c4 dxc4 3.e4 e5 4.Nf3 Bb4+ 5.Bd2 Bxd2+ 6.Nbxd2 exd4
7.Bxc4 Nc6 8.O-O Qf6 9.Re1 Nge7 10.e5 Qg6 11.Ne4 O-O 12.Bd3 Qh6
13.Ng3 Bg4 14.Re4 Bxf3 15.Qxf3 Ng6 16.Rae1 Rae8 17.Qf5 Qd2 18.Bc4
Na5 19.e6 fxe6 20.Bxe6+ Kh8 21.Bf7 Qxe1+ 22.Rxe1 Rxe1+ 23.Nf1
Nc6 0-1

[Event "Ch Latvia"]
[Site "Riga (Latvia)"]
[Date "2021.09.17"]
[Round "1.10"]
[White "Katishonok Nikolaj (LAT)"]
[Black "Strods Kristaps Reinis (LAT)"]
[Result "1/2-1/2"]
[WhiteElo "2123"]
[BlackElo "1646"]
[Annotator ""]
[Source ""]
[Remark ""]

1.a3 e5 2.c4 Nc6 3.g3 g6 4.Bg2 Bg7 5.e3 d6 6.Ne2 Be6 7.b3 Qd7
8.h3 O-O-O 9.Nbc3 Re8 10.Bb2 f5 11.Qc2 e4 12.d4 exd3 13.Qxd3
g5 14.O-O-O Nge7 15.h4 g4 16.Nf4 Ne5 17.Qc2 Nf3 18.Qe2 Bf7 19.Bxf3
gxf3 20.Qxf3 Nc6 21.Nh5 Ne5 22.Qe2 Bxh5 23.Qxh5 Ng4 24.Rhf1 Qe6
25.Nd5 Bxb2+ 26.Kxb2 Qe5+ 27.Ka2 c6 28.Nf4 Ref8 29.Rd3 Rhg8 30.Qxh7
Nf6 31.Qh6 Rh8 32.Qg5 Ne4 33.Qg6 Nc3+ 34.Ka1 Rf6 35.Qg7 Rhh6
36.Rd4 c5 37.Nd3 Qe8 38.Rf4 Rhg6 1/2-1/2

[Event "Ch Latvia"]
[Site "Riga (Latvia)"]
[Date "2021.09.17"]
[Round "1.11"]
[White "Adamovics Aleksejs (LAT)"]
[Black "Levchenkov Vitaly (LAT)"]
[Result "1/2-1/2"]
[WhiteElo "1594"]
[BlackElo "2120"]
[Annotator ""]
[Source ""]
[Remark ""]

1.d4 Nf6 2.c4 g6 3.Nc3 d5 4.cxd5 Nxd5 5.e4 Nxc3 6.bxc3 Bg7 7.Be3
c5 8.Qd2 O-O 9.Nf3 Qa5 10.Rc1 Bg4 11.h3 Bxf3 12.gxf3 cxd4 13.cxd4
Qxd2+ 14.Kxd2 Rd8 15.Rc7 Nc6 16.Rxb7 Nxd4 17.Bxd4 Rxd4+ 18.Ke3
e5 19.Bd3 Ra4 20.Rb2 Ra3 21.Ke2 Rc8 22.Bc2 Rcc3 23.Rb8+ Bf8 24.Bb3
Rc7 25.Rd1 Kg7 26.Rbd8 Be7 27.R8d7 Rxd7 28.Rxd7 Kf8 29.Rd5 Bf6
30.Rd7 Be7 1/2-1/2

[Event "Ch Latvia"]
[Site "Riga (Latvia)"]
[Date "2021.09.17"]
[Round "1.12"]
[White "Bekasovs Rihards (LAT)"]
[Black "Sokolovskis Pavels (LAT)"]
[Result "1-0"]
[WhiteElo "2091"]
[BlackElo "1568"]
[Annotator ""]
[Source ""]
[Remark ""]

1.Nf3 d5 2.c4 e6 3.g3 Nf6 4.Bg2 c6 5.d4 Bb4+ 6.Bd2 Bxd2+ 7.Nbxd2
Nbd7 8.O-O O-O 9.Qc2 Re8 10.e4 dxe4 11.Nxe4 Nxe4 12.Qxe4 Qe7
13.Rfd1 Nf6 14.Qe3 Bd7 15.Ne5 Rac8 16.Rd2 b5 17.Rc1 Red8 18.Rdc2
b4 19.Rd2 Be8 20.Rcd1 Qc7 21.b3 h6 22.h3 Rd6 23.Kh2 a5 24.f4
a4 25.Nd3 Rb8 26.Qe5 Nd7 27.Qe3 Nf6 28.bxa4 Qa7 29.Nc5 Rbd8 30.a5
Rxd4 31.Rxd4 Qxc5 32.Qe5 Qxe5 33.fxe5 Rxd4 34.Rxd4 1-0

[Event "Ch Latvia"]
[Site "Riga (Latvia)"]
[Date "2021.09.17"]
[Round "1.13"]
[White "Zajakins Artjoms (LAT)"]
[Black "Tolmacevs Artjoms (LAT)"]
[Result "0-1"]
[WhiteElo "2090"]
[BlackElo "2090"]
[Annotator ""]
[Source ""]
[Remark ""]

1.d4 Nf6 2.c4 c5 3.d5 b5 4.cxb5 a6 5.b6 d6 6.Nc3 Nbd7 7.e4 g6
8.Nf3 Bg7 9.Be2 O-O 10.O-O Qxb6 11.Nd2 Qb7 12.Nc4 Nb6 13.Qb3
Nxc4 14.Qxb7 Bxb7 15.Bxc4 Rab8 16.Bd2 Nd7 17.b3 Nb6 18.Rab1 f5
19.f3 fxe4 20.fxe4 Nxc4 21.bxc4 Bd4+ 22.Kh1 Rxf1+ 23.Rxf1 Bc8
24.Rb1 Rxb1+ 25.Nxb1 Bg4 26.Bc3 Bf2 27.e5 Be2 28.exd6 exd6 29.Nd2
Bd3 30.g3 Be1 31.Kg1 Bxd2 32.Bxd2 Kf7 33.Kf2 Bxc4 34.Ke3 Bxd5
35.a3 Ke6 36.Kd3 Bc6 37.Be3 Bb5+ 38.Kc3 Kd5 39.Bf4 Kc6 40.h4
h5 41.Bg5 d5 42.Bf6 d4+ 43.Kb3 Kd5 44.a4 Be2 45.a5 Bd1+ 46.Kb2
c4 47.Kc1 Ba4 48.Kd2 c3+ 49.Kd3 Bb5+ 50.Kc2 Kc4 51.Bg5 d3+ 52.Kc1
d2+ 53.Bxd2 cxd2+ 54.Kxd2 Kb4 0-1

[Event "Ch Latvia"]
[Site "Riga (Latvia)"]
[Date "2021.09.17"]
[Round "1.14"]
[White "Dzjuba Vsevolod (LAT)"]
[Black "Valdats Reinis (LAT)"]
[Result "1-0"]
[WhiteElo "2085"]
[BlackElo "1440"]
[Annotator ""]
[Source ""]
[Remark ""]

1.e4 c5 2.Nf3 e6 3.d4 cxd4 4.Nxd4 Nc6 5.Nc3 Qc7 6.g3 a6 7.Bg2
Nf6 8.O-O Bb4 9.Nde2 O-O 10.Bf4 d6 11.a3 Bxc3 12.Bxd6 Qb6 13.Bxf8
Bxb2 14.Rb1 Kxf8 15.Qd6+ Kg8 16.c3 e5 17.Qd2 Be6 18.Qxb2 Qxb2
19.Rxb2 Na5 20.Rd1 b5 21.Rbd2 Nc4 22.Rd8+ 1-0

[Event "Ch Latvia"]
[Site "Riga (Latvia)"]
[Date "2021.09.17"]
[Round "1.15"]
[White "Aleidzans Vadims (LAT)"]
[Black "Mierins Emils Janis (LAT)"]
[Result "0-1"]
[WhiteElo "1433"]
[BlackElo "2028"]
[Annotator ""]
[Source ""]
[Remark ""]

1.e4 c5 2.Nf3 e6 3.c4 a6 4.Nc3 Qc7 5.Be2 Nc6 6.d4 cxd4 7.Nxd4
Nf6 8.Be3 Ne5 9.b3 Bb4 10.Bd2 Bxc3 11.Bxc3 Nxe4 12.Bb2 Qa5+ 13.Kf1
O-O 14.f3 Nf6 15.Nc2 Ng6 16.Ne3 Qg5 17.Kf2 d5 18.Bxf6 Qxf6 19.cxd5
Rd8 20.Qc2 exd5 21.Rhd1 d4 22.Nc4 b5 23.Nd2 d3 24.Ne4 Qd4+ 0-1

[Event "Ch Latvia"]
[Site "Riga (Latvia)"]
[Date "2021.09.17"]
[Round "1.16"]
[White "Gudovskis Konstantins (LAT)"]
[Black "Petrovs Renars (LAT)"]
[Result "1-0"]
[WhiteElo "2024"]
[BlackElo "1187"]
[Annotator ""]
[Source ""]
[Remark ""]

1.d4 d5 2.Nc3 e6 3.e4 Nf6 4.Bg5 Be7 5.Bxf6 Bxf6 6.Nf3 Nc6 7.e5
Be7 8.a3 a5 9.Bd3 b6 10.Qe2 Nb8 11.O-O Ba6 12.Bxa6 Nxa6 13.Nd1
O-O 14.Ne3 c5 15.c3 a4 16.Nd2 c4 17.f4 f5 18.g4 g6 19.Kh1 Kh8
20.Rf3 Rf7 21.Rg1 Qf8 22.g5 Nc7 23.Nb1 Ne8 24.Nf1 Ng7 25.Ng3
Qe8 26.Rf2 Rf8 27.h4 Rg8 28.h5 Qf7 29.Rh2 Nxh5 30.Nxh5 gxh5 31.Rxh5
Ra7 32.Qh2 Bf8 33.Kg2 Rg6 34.Rh1 Qg8 35.Nd2 Qf7 36.Nf3 Qd7 37.Kf1
Rg7 38.Rh6 Qe8 39.Rf6 Rg6 40.Qh5 Bxa3 41.bxa3 Rg8 42.g6 Rgg7
43.Ng5 Qe7 44.Nf7+ 1-0

[Event "Ch Latvia"]
[Site "Riga (Latvia)"]
[Date "2021.09.17"]
[Round "1.17"]
[White "Stinka Gustavs (LAT)"]
[Black "Saveljevs Aleksandrs (LAT)"]
[Result "0-1"]
[WhiteElo "1024"]
[BlackElo "1976"]
[Annotator ""]
[Source ""]
[Remark ""]

1.e4 d6 2.d4 Nf6 3.Nc3 g6 4.h3 Bg7 5.Nf3 O-O 6.Bc4 Nxe4 7.Nxe4
d5 8.Bxd5 Qxd5 9.Nc3 Qf5 10.O-O b6 11.Re1 e6 12.Ne2 Bb7 13.Ng3
Bxf3 14.Nxf5 Bxd1 15.Ne7+ Kh8 16.Rxd1 Re8 17.d5 Rxe7 18.dxe6
Nc6 19.exf7 Rxf7 20.c3 Rd8 21.Rxd8+ Nxd8 22.Bg5 Bf6 23.Bf4 Bxc3
24.Rd1 Ne6 25.Bh6 Bxb2 26.Re1 Bg7 27.Bxg7+ Nxg7 28.Rd1 Nf5 29.g4
Nd6 30.Kg2 Ne4 31.f3 Ng5 32.Rd3 Kg7 33.Kg3 Nxf3 34.Rxf3 Rxf3+
35.Kxf3 Kf6 36.Ke4 Ke6 37.Kd4 c5+ 38.Kc4 a6 39.a4 Kd6 40.h4 Kc6
41.h5 b5+ 42.axb5+ axb5+ 43.Kd3 Kd5 44.Ke3 g5 45.Kd3 b4 46.Kc2
c4 47.Kd2 Kd4 48.Kc2 h6 49.Kd2 b3 50.Kc1 c3 51.Kb1 Kd3 52.Kc1
b2+ 53.Kb1 Kd2 54.Ka2 Kc2 55.Ka3 b1Q 56.Ka4 Qb6 57.Ka3 Qa5# 0-1

[Event "Ch Latvia"]
[Site "Riga (Latvia)"]
[Date "2021.09.18"]
[Round "2.1"]
[White "Starostits Ilmars (LAT)"]
[Black "Bekasovs Rihards (LAT)"]
[Result "1-0"]
[WhiteElo "2428"]
[BlackElo "2091"]
[Annotator ""]
[Source ""]
[Remark ""]

1.e4 e6 2.d4 d5 3.Nc3 Bb4 4.exd5 exd5 5.Bd3 Nc6 6.Nf3 Nge7 7.O-O
Bf5 8.a3 Bxc3 9.bxc3 O-O 10.Rb1 b6 11.Bf4 f6 12.c4 Bxd3 13.Qxd3
Na5 14.cxd5 Qxd5 15.Bxc7 Rac8 16.Bf4 Qc4 17.Bd2 Qxd3 18.cxd3
Nac6 19.Rfc1 Nd5 20.Rc4 Rf7 21.a4 Rfc7 22.Rbc1 Kf7 23.g4 Nce7
24.h4 h6 25.h5 Ke6 26.Kg2 Kd7 27.Nh4 a6 28.Kf3 Rc6 29.Be3 R8c7
30.Ke2 b5 31.axb5 axb5 32.Rc5 b4 33.Kd2 b3 34.Nf5 Rxc5 35.dxc5
Nxf5 36.gxf5 Kc6 37.Ra1 Rb7 38.Rb1 Ne7 39.Kc3 Nxf5 40.Rxb3 Rxb3+
41.Kxb3 Ne7 42.Kc4 g6 43.hxg6 Nxg6 44.d4 Ne7 45.Bxh6 Nd5 46.Kd3
f5 47.Bg5 Kd7 48.Ke2 Ke6 49.Kf3 Nb4 50.Bf4 Nc6 51.Be5 Nb4 52.Kg3
Kd5 53.Kh4 Ke6 54.Kg5 Nc6 55.f4 Ne7 56.Bd6 Nd5 57.Bb8 Ne7 58.Be5
Nc6 59.Kg6 Ne7+ 60.Kg7 Nc6 61.Kf8 Nb4 62.Ke8 Nc6 63.Bg7 Nb4 64.Kd8
Nc6+ 65.Kc7 Kd5 66.Kd7 Nb4 67.Bf6 1-0

[Event "Ch Latvia"]
[Site "Riga (Latvia)"]
[Date "2021.09.18"]
[Round "2.2"]
[White "Ungurs Edgars (LAT)"]
[Black "Berzinsh Roland (LAT)"]
[Result "0-1"]
[WhiteElo "2154"]
[BlackElo "2364"]
[Annotator ""]
[Source ""]
[Remark ""]

1.e4 e5 2.Nf3 Nc6 3.Bb5 Nge7 4.Nc3 g6 5.d4 exd4 6.Nd5 Bg7 7.Bg5
h6 8.Bf6 Bxf6 9.Nxf6+ Kf8 10.Qd2 d5 11.Bxc6 Nxc6 12.Nxd5 Bf5
13.Qf4 Bxe4 14.Qxe4 Qd6 15.Nxc7 Qxc7 16.O-O-O Re8 17.Qh4 Nb4
18.Nxd4 Nxa2+ 19.Kb1 Nb4 20.Qf6 Kg8 21.Rhe1 Kh7 22.c3 Nd5 23.Qf3
Rxe1 24.Rxe1 Rd8 25.h4 h5 26.g4 hxg4 27.Qxg4 Nxc3+ 28.bxc3 Qxc3
29.Rd1 Qb4+ 30.Kc2 Qc4+ 31.Kb1 Rd6 32.Rd2 Qc3 0-1

[Event "Ch Latvia"]
[Site "Riga (Latvia)"]
[Date "2021.09.18"]
[Round "2.3"]
[White "Stepins Edgars (LAT)"]
[Black "Dzjuba Vsevolod (LAT)"]
[Result "1/2-1/2"]
[WhiteElo "2263"]
[BlackElo "2085"]
[Annotator ""]
[Source ""]
[Remark ""]

1.e4 c5 2.Nf3 e6 3.d4 cxd4 4.Nxd4 Nf6 5.Nc3 Nc6 6.Nxc6 bxc6 7.Bd3
d5 8.O-O Be7 9.Kh1 Qc7 10.f4 h5 11.Qe2 Bb7 12.h3 d4 13.Nb1 h4
14.Re1 Nh5 15.Qg4 g5 16.fxg5 Qe5 17.Nd2 Qxg5 18.Qxg5 Bxg5 19.Nf3
Bxc1 20.Raxc1 Rd8 21.Nxh4 c5 22.Nf3 Ke7 23.Kh2 Rdg8 24.c3 Rxg2+
25.Kxg2 Nf4+ 26.Kg3 Nxd3 27.Nd2 dxc3 28.bxc3 Rg8+ 29.Kf3 Nxc1
30.Rxc1 f5 1/2-1/2

[Event "Ch Latvia"]
[Site "Riga (Latvia)"]
[Date "2021.09.18"]
[Round "2.4"]
[White "Tolmacevs Artjoms (LAT)"]
[Black "Jankovskis Guntis (LAT)"]
[Result "1/2-1/2"]
[WhiteElo "2090"]
[BlackElo "2260"]
[Annotator ""]
[Source ""]
[Remark ""]

1.e4 c5 2.Nf3 e6 3.d4 cxd4 4.Nxd4 Nc6 5.Nc3 Qc7 6.g3 d6 7.Bg2
Bd7 8.Ndb5 Qb8 9.O-O a6 10.Nd4 Nf6 11.Be3 Be7 12.f4 Qc7 13.f5
Nxd4 14.Bxd4 e5 15.Be3 Bc6 16.a4 b6 17.Qe2 h6 18.g4 Qb7 19.Bf2
b5 20.axb5 axb5 21.Rxa8+ Qxa8 22.Nxb5 O-O 23.Nc3 Rb8 24.b3 Qa5
25.Qc4 Bd7 26.Nd5 Nxd5 27.Qxd5 Qc3 28.Rc1 Bg5 29.Rd1 Qxc2 30.Qxd6
Rxb3 31.Qxd7 Rb2 1/2-1/2

[Event "Ch Latvia"]
[Site "Riga (Latvia)"]
[Date "2021.09.18"]
[Round "2.5"]
[White "Kretainis Kristaps (LAT)"]
[Black "Gudovskis Konstantins (LAT)"]
[Result "1-0"]
[WhiteElo "2249"]
[BlackElo "2024"]
[Annotator ""]
[Source ""]
[Remark ""]

1.Nf3 d5 2.b3 Nf6 3.Bb2 c5 4.e3 e6 5.Ne5 Be7 6.Bb5+ Nbd7 7.O-O
a6 8.Bxd7+ Bxd7 9.f4 h5 10.d3 Rc8 11.Nd2 b5 12.Ndf3 c4 13.Bd4
cxd3 14.cxd3 Bc5 15.Bxc5 Rxc5 16.Qd2 g6 17.Rac1 Rxc1 18.Rxc1
Qb6 19.Nd4 O-O 20.Qb4 Rc8 21.Rxc8+ Bxc8 22.Qe7 1-0

[Event "Ch Latvia"]
[Site "Riga (Latvia)"]
[Date "2021.09.18"]
[Round "2.6"]
[White "Mierins Emils Janis (LAT)"]
[Black "Mierins Eriks (LAT)"]
[Result "0-1"]
[WhiteElo "2028"]
[BlackElo "2191"]
[Annotator ""]
[Source ""]
[Remark ""]

1.e4 e5 2.Nf3 Nc6 3.Bb5 a6 4.Ba4 Nf6 5.O-O Be7 6.Re1 b5 7.Bb3
O-O 8.c3 d5 9.exd5 Nxd5 10.Nxe5 Nxe5 11.Rxe5 c6 12.d3 Bd6 13.Re1
Bf5 14.Nd2 Nf4 15.Ne4 Nxd3 16.Bg5 Qd7 17.Nxd6 Qxd6 18.Bc2 Qg6
19.Bxd3 Bxd3 20.Be7 Rfe8 21.Qf3 Bc4 22.a3 a5 23.b4 a4 24.Rad1
Bd5 25.Qg3 Qxg3 26.hxg3 f6 27.f3 Kf7 28.Bc5 h5 29.Kf2 g5 30.Rh1
Kg6 31.Rhe1 g4 32.Bd4 Kf5 33.Rh1 Bf7 34.Rdf1 Re6 35.Rh4 Rae8
36.Kg1 Kg5 37.fxg4 hxg4 38.Rf4 Re1+ 39.Kh2 f5 40.Rh7 Bg6 41.Rc7
Ra1 42.c4 Rc1 43.cxb5 Ree1 44.Rf1 Rxf1 45.Be3+ f4 46.Bxc1 Rxc1
47.b6 Rc3 48.gxf4+ Kxf4 49.b7 g3+ 50.Kh3 Bf5+ 51.Kh4 Rc1 0-1

[Event "Ch Latvia"]
[Site "Riga (Latvia)"]
[Date "2021.09.18"]
[Round "2.7"]
[White "Saveljevs Aleksandrs (LAT)"]
[Black "Batashevs Arsens (LAT)"]
[Result "0-1"]
[WhiteElo "1976"]
[BlackElo "2167"]
[Annotator ""]
[Source ""]
[Remark ""]

1.e4 g6 2.d4 Bg7 3.c4 Nc6 4.Be3 d6 5.Nc3 e5 6.d5 Nd4 7.Nge2 Nxe2
8.Bxe2 f5 9.exf5 Bxf5 10.g4 Bd7 11.h4 Nf6 12.g5 Ng8 13.h5 Ne7
14.h6 Bf8 15.Ne4 Nf5 16.Nf6+ Kf7 17.Bg4 Be7 18.Nxd7 Qxd7 19.Qd3
Rhf8 20.O-O-O Kg8 21.f4 Qa4 22.fxe5 Nxe3 23.Be6+ Kh8 24.Qxe3
Qxc4+ 25.Kb1 Qf4 26.Qc3 Qe4+ 27.Ka1 Qxe5 28.Qxc7 Rf2 29.Qxb7
Raf8 30.Rhe1 Qxg5 31.Bg8 Re8 32.Qd7 Qf6 33.Rb1 Rxb2 34.Rxb2 Rb8
35.Reb1 Rxb2 36.Qe6 Re2+ 0-1

[Event "Ch Latvia"]
[Site "Riga (Latvia)"]
[Date "2021.09.18"]
[Round "2.8"]
[White "Levchenkov Vitaly (LAT)"]
[Black "Gobleja Karlis (LAT)"]
[Result "1-0"]
[WhiteElo "2120"]
[BlackElo "1728"]
[Annotator ""]
[Source ""]
[Remark ""]

1.e4 c5 2.Nf3 e6 3.d4 cxd4 4.Nxd4 Nc6 5.Nc3 a6 6.a3 Qc7 7.Be3
Nf6 8.Be2 d6 9.f4 Be7 10.O-O Bd7 11.Qd3 Rc8 12.Nb3 b5 13.Rac1
O-O 14.Rfd1 Rfd8 15.Bf3 Na5 16.Nxa5 Qxa5 17.Qe2 Bc6 18.Qf2 Nd7
19.Kh1 b4 20.axb4 Qxb4 21.Rb1 Bf6 22.Bd4 Ba8 23.Bxf6 Nxf6 24.Qd4
Rc4 25.Qa7 Bxe4 26.Nxe4 Nxe4 27.Bxe4 Rxe4 28.c3 Qa5 29.b4 Qf5
30.Rxd6 Rf8 31.Rg1 Rxf4 32.Qxa6 Qe5 33.Qd3 g5 34.b5 Rh4 35.h3
Qe4 36.Qxe4 Rxe4 37.Rc6 Rb8 38.b6 Kf8 39.c4 Rd4 40.Rb1 Ke7 41.Ra1
Rd7 42.c5 h5 43.Kg1 Rbd8 44.Ra7 Rxa7 45.bxa7 Ra8 46.Rc7+ Kf6
47.c6 Ke5 48.Rb7 Kd6 49.c7 1-0

[Event "Ch Latvia"]
[Site "Riga (Latvia)"]
[Date "2021.09.18"]
[Round "2.9"]
[White "Strods Kristaps Reinis (LAT)"]
[Black "Adamovics Aleksejs (LAT)"]
[Result "1-0"]
[WhiteElo "1646"]
[BlackElo "1594"]
[Annotator ""]
[Source ""]
[Remark ""]

1.e4 c5 2.Nc3 e6 3.Nf3 Nc6 4.Bb5 Nge7 5.d3 a6 6.Bxc6 Nxc6 7.O-O
Be7 8.Bd2 b5 9.Ne1 Bb7 10.f4 Qc7 11.Qg4 O-O-O 12.Nd1 h5 13.Qh3
f6 14.a4 b4 15.c3 Na5 16.Be3 Nb3 17.Rb1 g5 18.cxb4 Rdg8 19.Rf2
Qd8 20.Bxc5 Nxc5 21.bxc5 g4 22.Qe3 g3 23.hxg3 h4 24.gxh4 f5 25.Rf3
Rxh4 26.Nf2 Qf8 27.b4 fxe4 28.dxe4 Kb8 29.Rc1 Rh5 30.Rh3 Rxh3
31.Qxh3 Qxf4 32.Qh2 Qxh2+ 33.Kxh2 Rh8+ 34.Kg1 Rc8 35.Ned3 Bg5
36.Rd1 Be3 37.Ne5 Bc6 38.Nxc6+ dxc6 39.Rd3 Bf4 40.Nd1 Kc7 41.Nb2
Rb8 42.Rb3 Bd2 43.Nd3 Be3+ 44.Kf1 Bd4 45.Ke2 Rg8 46.Ne1 Rb8 47.Nd3
Rg8 48.Nf4 Be5 49.g3 Bxf4 50.gxf4 Rg2+ 51.Kf3 Ra2 52.a5 Rh2 53.Kg3
Re2 54.Kf3 Rh2 55.Rd3 Rh3+ 56.Ke2 Rh2+ 57.Ke3 Rb2 58.f5 exf5
59.exf5 Rxb4 60.f6 Rh4 61.f7 Rh8 62.Ke4 Rf8 63.Rf3 Kd7 64.Ke5
Ke7 65.Rf2 Rxf7 66.Rxf7+ Kxf7 67.Kd6 Kf6 68.Kxc6 Ke6 69.Kb7 1-0

[Event "Ch Latvia"]
[Site "Riga (Latvia)"]
[Date "2021.09.18"]
[Round "2.10"]
[White "Jazdanovs Aleksandrs (LAT)"]
[Black "Katishonok Nikolaj (LAT)"]
[Result "1-0"]
[WhiteElo "2178"]
[BlackElo "2123"]
[Annotator ""]
[Source ""]
[Remark ""]

1.e4 c5 2.Nc3 e6 3.Nf3 Nf6 4.d4 cxd4 5.Nxd4 Bb4 6.Ndb5 d5 7.a3
Bxc3+ 8.Nxc3 d4 9.Nb5 e5 10.f4 Nxe4 11.Qf3 f5 12.Qh5+ g6 13.Qh6
Qe7 14.fxe5 a6 15.Nxd4 Qxe5 16.Be3 Nd7 17.Bc4 Nb6 18.Bb3 Nc5
19.Nf3 Qc7 20.Bxc5 Qxc5 21.O-O-O Bd7 22.Rhe1+ Kd8 23.Ne5 1-0

[Event "Ch Latvia"]
[Site "Riga (Latvia)"]
[Date "2021.09.18"]
[Round "2.11"]
[White "Springis Jevgenijs (LAT)"]
[Black "Mucenieks Marks (LAT)"]
[Result "1-0"]
[WhiteElo "1879"]
[BlackElo "1660"]
[Annotator ""]
[Source ""]
[Remark ""]

1.e4 e5 2.Nf3 Nc6 3.d4 exd4 4.Nxd4 Nf6 5.Nxc6 bxc6 6.e5 Qe7 7.Qe2
Nd5 8.c4 Ba6 9.Nd2 O-O-O 10.Qe4 Nb6 11.b3 d5 12.cxd5 Bxf1 13.d6
cxd6 14.Qxc6+ Kb8 15.Kxf1 dxe5 16.g3 Qb7 17.Qxb7+ Kxb7 18.Ke2
Bc5 19.Bb2 Bd4 20.Rab1 f5 21.Rhc1 h5 22.Nc4 Bxb2 23.Rxb2 Nxc4
24.bxc4+ Kc6 25.Rb5 Rhe8 26.Rcb1 Rd7 27.a4 g6 28.a5 e4 29.a6
Red8 30.R1b2 Rd3 31.Rb7 R8d7 32.Rb8 g5 33.Rc8+ Kd6 34.c5+ Kd5
35.c6 Rd6 36.c7 Rc3 37.Rd8 1-0